Fr. Conceicao Rodrigues College of Engineering

Database Systems Concepts (Record no. 20483)

MARC details
000 -LEADER
fixed length control field 00320nam a2200145Ia 4500
082 ## - DEWEY DECIMAL CLASSIFICATION NUMBER
Classification number 5.74
Item number SIL
100 ## - MAIN ENTRY--PERSONAL NAME
Personal name Korth/ H.F./ Silberschatz/ A
245 ## - TITLE STATEMENT
Title Database Systems Concepts
260 ## - PUBLICATION, DISTRIBUTION, ETC.
Name of publisher, distributor, etc. Mc Graw Hill
Place of publication, distribution, etc. New york
Date of publication, distribution, etc. 1996
300 ## - PHYSICAL DESCRIPTION
Extent 821
546 ## - LANGUAGE NOTE
Language note ENGLISH
654 ## - SUBJECT ADDED ENTRY--FACETED TOPICAL TERMS
Focus term Database
942 ## - ADDED ENTRY ELEMENTS (KOHA)
Koha item type BOOK
Holdings
Withdrawn status Lost status Damaged status Not for loan Collection Home library Current library Date acquired Total Checkouts Full call number Barcode Date last seen Price effective from Koha item type
        CRC Fr. Agnel's C.Rodrigues College of Engineering Fr. Agnel's C.Rodrigues College of Engineering 17/03/2023   5.74 SIL 10225 17/03/2023 17/03/2023 BOOK
        CRC Fr. Agnel's C.Rodrigues College of Engineering Fr. Agnel's C.Rodrigues College of Engineering 17/03/2023   5.74 SIL 10226 17/03/2023 17/03/2023 BOOK
        CRC Fr. Agnel's C.Rodrigues College of Engineering Fr. Agnel's C.Rodrigues College of Engineering 17/03/2023   5.74 SIL 10227 17/03/2023 17/03/2023 BOOK
        CRC Fr. Agnel's C.Rodrigues College of Engineering Fr. Agnel's C.Rodrigues- College of Engineering 17/03/2023   5.74 SIL 10228 11/01/2024 17/03/2023 BOOK